Govt. of
Madhya Pradesh

The Making of Modern Europe (Record no. 36638)

MARC details
000 -LEADER
fixed length control field 004600000a22001690004500
003 - CONTROL NUMBER IDENTIFIER
control field MACL
005 - DATE AND TIME OF LATEST TRANSACTION
control field 20160110125725.0
008 - FIXED-LENGTH DATA ELEMENTS--GENERAL INFORMATION
fixed length control field 160110b xxu||||| |||| 00| 0 eng d
040 ## - CATALOGING SOURCE
Original cataloging agency MACL
Transcribing agency MACL
041 ## - LANGUAGE CODE
Language code of text/sound track or separate title English
082 ## - DEWEY DECIMAL CLASSIFICATION NUMBER
Classification number 900/CHA
100 ## - MAIN ENTRY--PERSONAL NAME
Personal name Chaytor, Rev H J
9 (RLIN) 30866
245 ## - TITLE STATEMENT
Title The Making of Modern Europe
Remainder of title European History vol 4
260 ## - PUBLICATION, DISTRIBUTION, ETC. (IMPRINT)
Name of publisher, distributor, etc. The Gresham Publishing Company Ltd
Place of publication, distribution, etc. London
650 ## - SUBJECT ADDED ENTRY--TOPICAL TERM
Topical term or geographic name as entry element History
9 (RLIN) 30867
942 ## - ADDED ENTRY ELEMENTS (KOHA)
Koha item type Books
Call number prefix 900/CHA
Source of classification or shelving scheme
Holdings
Withdrawn status Lost status Source of classification or shelving scheme Damaged status Not for loan Home library Current library Date acquired Total Checkouts Full call number Barcode Date last seen Uniform Resource Identifier Price effective from Koha item type
          MACL MACL 15/04/2015   900/CHA CLE013587 29/04/2015 36848 15/04/2015 Books